Die Katholischen Briefe

Saved in:  
Bibliographic Details
Main Author: Hauck, Friedrich 1882-1954 (Author)
Format: Print Book
Language:German
Subito Delivery Service: Order now.
Check availability: HBZ Gateway
WorldCat: WorldCat
Interlibrary Loan:Interlibrary Loan for the Fachinformationsdienste (Specialized Information Services in Germany)
Published: Göttingen Vandenhoeck u. Ruprecht 1937
In: Das Neue Testament Deutsch (10)
Year: 1937
Edition:3. Aufl., 11. - 13. Tsd.
Series/Journal:Das Neue Testament Deutsch 10

MARC

LEADER 00000cam a2200000 cb4500
001 1169994741
003 DE-627
005 20220612120152.0
007 tu
008 020726s1937 xx ||||| 00| ||ger c
035 |a (DE-627)1169994741 
035 |a (DE-576)099994747 
035 |a (DE-599)BSZ099994747 
035 |a (OCoLC)256569161 
040 |a DE-627  |b ger  |c DE-627  |e rakwb 
041 |a ger 
084 |a BC 4800  |2 rvk  |0 (DE-625)rvk/9457: 
100 1 |0 (DE-588)137778872  |0 (DE-627)696054930  |0 (DE-576)305095331  |4 aut  |a Hauck, Friedrich  |d 1882-1954 
109 |a Hauck, Friedrich 1882-1954 
245 1 4 |a Die Katholischen Briefe  |c übers. u. erkl. von Friedrich Hauck 
250 |a 3. Aufl., 11. - 13. Tsd. 
264 1 |a Göttingen  |b Vandenhoeck u. Ruprecht  |c 1937 
300 |a 158 S. 
336 |a Text  |b txt  |2 rdacontent 
337 |a ohne Hilfsmittel zu benutzen  |b n  |2 rdamedia 
338 |a Band  |b nc  |2 rdacarrier 
490 1 |a Das Neue Testament Deutsch / hrsg. von Gerhard Friedrich ...  |v 10 
500 |a In Fraktur 
583 1 |a Archivierung prüfen  |c 20200919  |f DE-640  |z 1  |2 pdager 
830 4 |a Das Neue Testament Deutsch  |v 10  |9 10.1937  |w (DE-627)1075102669  |w (DE-576)005102669  |7 am 
935 |a mteo 
936 r v |a BC 4800  |b Neues Testament Gesamt  |k Theologie und Religionswissenschaften  |k Bibelwissenschaft  |k Bibeltexte, Bibelkommentare und Abhandlungen  |k Bibelkommentare  |k Neutestamentliche Bücher  |k Neues Testament Gesamt  |0 (DE-627)1270887912  |0 (DE-625)rvk/9457:  |0 (DE-576)200887912 
951 |a MV 
BIB |a 1 
ELC |b 1 
ORI |a SA-MARC-ixtheo_oa001.raw 
SUB |a BIB